| 000 | 02917nam a2200553Ia 4500 | ||
|---|---|---|---|
| 001 | 3936 | ||
| 008 | 241029s9999 xx 000 0 und d | ||
| 010 | _a3693 | ||
| 041 | _aEspañol | ||
| 082 | _aBUNEVS M T F L 49 2009 | ||
| 245 | 0 | _aRelación entre la violencia intrafamiliar y el bajo rendimiento académico entre los adolescentes internos del Colegio Adventista Dominicano en el año escolar 2009-2010 | |
| 260 | _aSantiago | ||
| 300 | _a80 | ||
| 520 | _a27 | ||
| 630 | _aRedimiento académico | ||
| 630 | _aViolencia Intrafamiliar | ||
| 650 | _aTerapia Familiar | ||
| 690 | _aElaborado | ||
| 700 |
_easesor _aÃlvarez, Martha |
||
| 700 |
_eautor _aGonzález, Nellys Peña |
||
| 700 |
_eautor _aContreras, Alfa Lizardo |
||
| 700 |
_easesor _aReyes, Rafael |
||
| 901 |
_a{"1":"González","2":"Contreras"} _b{"1":"Nellys Peña ","2":"Alfa Lizardo"} |
||
| 902 | _a2 | ||
| 903 |
_a{"1":"Reyes","2":"Ãlvarez"} _b{"1":"Rafael","2":"Martha"} |
||
| 904 | _aMaestría en | ||
| 905 | _aTerapia Familiar | ||
| 906 | _a2 | ||
| 907 | _aNO APLICA | ||
| 908 | _aNO APLICA | ||
| 909 | _aUniversidad Nacional Evangélica (UNEV), Recinto Santo Domingo | ||
| 910 |
_aNULL _bNULL |
||
| 911 | _a["1"] | ||
| 912 | _aNO APLICA | ||
| 913 | _aNULL | ||
| 914 | _a02 de Noviembre de 2009 | ||
| 915 | _a01/10/14 11:10 | ||
| 916 | _aNULL | ||
| 917 | _aNULL | ||
| 918 | _aNO APLICA | ||
| 919 | _a["242","198"] | ||
| 520 | _aEl estudio se planteó como objetivos principales analizar el trasfondo histórico y legislativo de las principales entidades mundiales con respecto a la violencia familiar y definir violencia familiar desde el punto de vista de su alcance. La investigación es descriptiva y se fundamentó en los métodos de la entrevista y la encuesta. Como instrumento se utilizó un cuestionario, que le fue aplicado a una muestra de 20 estudiantes.Entre las principales conclusiones de la investigación se destaca que a partir de 1975 con el abrumador aumento de los índices de la violencia intrafamiliar en todos los países del mundo, se tomaron medidas importantes con la formación de múltiples comisiones que se encargaron de crear investigaciones y legislaciones para proponerlas a los gobiernos y tratar de reducir los altos índices de violencia intrafamiliar, además se destaca que la violencia intrafamiliar es toda acción y omisión cometida por algún/a miembro de la familia abusando de su poder o influencia y que perjudica a los demás de manera psicológica y física.La investigación sugiere que se creen programas de investigación en las comunidades, no sólo a nivel gubernamental y legislativo, sino en los barrios, juntas de vecinos a fin de enseñar todos los derechos y los métodos de disciplina que son de ayuda para éstos. | ||
| 921 | _a11 | ||
| 922 | _a11 | ||
| 923 | _a0 | ||
| 924 | _aNO APLICA | ||
| 942 | _cTesis | ||
| 999 |
_c3693 _d3693 |
||